Statistics for Countries That Japan Invaded In WWII

Click here to take the quiz!

General Stats

  • This quiz has been taken 278 times
  • The average score is 13 of 17

Answer Stats

Country% Correct
China
99%
Indonesia
94%
Vietnam
92%
Malaysia
87%
Cambodia
86%
Laos
86%
Philippines
84%
Thailand
84%
Myanmar
82%
Singapore
82%
South Korea
77%
Taiwan
77%
North Korea
76%
Papua New Guinea
69%
East Timor
58%
Kiribati
43%
Nauru
43%

Score Distribution

Percentile by Number Answered

Percent of People with Each Score

Your Score History

You have not taken this quiz